| 000 | 01308cam a2200325 4500 | ||
|---|---|---|---|
| 001 | explorersofbrain00stev | ||
| 003 | CaSfIA | ||
| 005 | 20210118082133.0 | ||
| 007 | cr|||| | ||
| 008 | 711123s1971 nyua b 001 0 eng | ||
| 035 | _9(DLC) 69010709 | ||
| 856 | 4 | 1 |
_uhttp://www.archive.org/details/explorersofbrain00stev _zFree eBook from the Internet Archive |
| 856 | 4 | 2 |
_uhttp://www.openlibrary.org/books/OL5679550M _zAdditional information and access via Open Library |
| 010 | _a 69010709 | ||
| 020 | _a0394429680 | ||
| 040 |
_aDLC _cDLC _dDLC _dCaSfIA |
||
| 050 | 0 | 0 |
_aQP376 _b.S8 1971 |
| 082 | 0 | 0 | _a612/.82/09 |
| 100 | 1 | _aStevens, Leonard A. | |
| 245 | 1 | 0 |
_aExplorers of the brain _h[electronic resource] _c[by] Leonard A. Stevens. |
| 250 | _a[1st ed.] | ||
| 260 |
_aNew York, _bKnopf, _c1971. |
||
| 300 |
_axi, 348, x p. _billus. _c22 cm. |
||
| 350 | _a$7.95 | ||
| 504 | _aBibliography: p. 331-348. | ||
| 650 | 0 |
_aBrain _xAnatomy _xHistory. |
|
| 942 | _cEB | ||
| 506 | _fНеобхідна авторизація на https://archive.org/ (створення облікового запису безкоштовно) | ||
| 506 | _fНеобхідна авторизація на https://openlibrary.org/ (створення облікового запису безкоштовно) | ||
| 999 |
_c494523 _d494523 |
||